Word Ladder: Led Astray Quiz Stats

 Plays Quiz Updated Nov 18, 2014

Score 0/28 Timer 03:00
3 Plays Today
Clue Answer % Correct
Truth or ____DARE
97.1%
What to apply for at a bankLOAN
94.4%
NakedBARE
93.3%
When you might hear a rooster crowDAWN
90.4%
Bring the cargo on boardLOAD
89.3%
Goose feathers•DOWN•
88.4%
'Drat!'DARN
88.3%
Edge of a hatBRIM
87.8%
Verbal response to sufferingMOAN
87.5%
One of TV's 'Friends'ROSS
84.2%
Like freshly-cut grassMOWN
84%
____-colored glasses•ROSE•
82.4%
Bruce Springsteen nickname, with 'The'BOSS
82.2%
Cheese on a mousetrap e.g.BAIT
81.7%
Clue Answer % Correct
BoastBRAG
80.9%
Starr who was the first Super Bowl MVPBART
80.8%
Good place to soakBATH
80.4%
One corner of a baseball diamondBASE
80.1%
US audio equipment companyBOSE
79.2%
Welshman or ScotsmanBRIT
78.9%
Hiker's route•PATH•
76.7%
Huge partyBASH
75.1%
Snakes who like hugsBOAS
75.1%
Substance Superman cannot see through•LEAD•
73%
Over-the-shoulder boulder holders?BRAS
72.8%
Very formal and proper•PRIM•
70.2%
Holding cell on a shipBRIG
69%
Self-righteous snobPRIG
58%

Today's Daily Dose

You're not logged in!

Compare scores with friends on all Sporcle quizzes.
OR
Log In

Sporcle TV

Today on Sporcle TV


Watch our educational content, quiz creation guides, and fun videos on Sporcle TV.

Show Comments

Extras

Top Quizzes Today


Score Distribution

Your Account Isn't Verified!

In order to create a playlist on Sporcle, you need to verify the email address you used during registration. Go to your Sporcle Settings to finish the process.

Report this User

Report this user for behavior that violates our Community Guidelines.

Details: